Największe miasta "niepowiatowe" w Polsce - Statystyki

Ogólne statystyki
  • Ten quiz został rozwiązany 67 razy
  • Średni wynik to 10 z 20
Statystyki odpowiedzi
Liczba mieszkańców Województwo Odpowiedź % Poprawnych
52 931 Pomorskie Rumia
91%
44 882 Mazowieckie Marki
68%
28 588 Pomorskie Reda
68%
45 189 Mazowieckie Ząbki
68%
28 392 Wielkopolskie Swarzędz
60%
34 862 Śląskie Czechowice Dziedzice
58%
35 739 Śląskie Knurów
56%
29 981 Śląskie Czeladź
53%
32 801 Wielkopolskie Luboń
53%
26 614 Śląskie Czerwionka-Leszczyny
49%
28 181 Dolnośląskie Bielawa
47%
32 093 Pomorskie Pruszcz Gdański
44%
22 020 Łódzkie Aleksandrów Łódzki
40%
22 994 Mazowieckie Piastów
40%
24 028 Małopolskie Skawina
39%
21 140 Mazowieckie Józefów
33%
28 147 Mazowieckie Kobyłka
32%
21 221 Śląskie Łaziska Górne
32%
21 870 Dolnośląskie Świebodzice
25%
21 881 Śląskie Orzesze
21%
Nie znaleziono quizów pasujących do podanych kryteriów
Rozkład punktacji
Procent ludzi z każdym wynikiem
Percentyl według liczby udzielonych odpowiedzi
Twoja historia wyników
Nie rozwiązałeś tego quizu